000 01692nam a2200277 a 4500
001 000000380
005 20260601111909.0
008 090130s2005 dr 000 0 spa d
020 _a9993479403
020 _a9789993479406
040 _aDO-SdBNP
_bspa
_cBNPHU
082 _a306.81
_bA394m
100 1 _aAlgarin, Juan,
_91266
245 1 0 _aMatrimonio :
_b¿una relación o un negocio? /
_cJuan Algarin.
260 _aSanto Domingo :
_bBúho,
_c2005.
300 _a103 p. ;
_c22 cm.
505 0 _tPrólogo --
_g1.
_tEstadísticas para conocer su pareja --
_tCinco puntos --
_g2.
_tEl divorcio --
_tRecorriendo en busca de la felicidad --
_tRazones que pueden provocar un divorcio --
_g3.
_tInfidelidad. ¿Cómo puedo evitar la infidelidad? --
_g4.
_tOtro tipo de divorcio. Matrimonio divorciado sin romper el contrato --
_g5.
_tLa familia. La familia compuesta por parientes cercanos --
_tLa familia establecida con hijos de un matrimonio anterior --
_tLa familia compuesta por parientes lejanos --
_g6.
_tLa manipulación. ¿Qué es la manipulación? --
_tManipulación religiosa --
_tManipulación por experiencia de la vida --
_tManipulación por dominio --
_tManipulación por lástima --
_tManipulación emocional por los hijos --
_tManipulación económica (propiedades) --
_g7.
_t"Mamas boy" --
_g8.
_tUn papel con poder --
_g9.
_tCuando tomamos decisiones --
_tLa comunicación --
_tEl perdón y la reconciliación --
_tLa mentira en el matrimonio.
590 _aInventariado,2018/DG
650 0 _aMatrimonio
_9797
650 0 _aParejas
_9802
650 0 _aDivorcio
_91267
650 0 _aInfidelidad
_91268
650 4 _aAdulterio
_91269
650 0 _aFamilias
_9795
910 _aValidado. Control de calidad MFF
999 _c379
_d379